000
00280nam a2200121Ia 4500
008
190216s9999||||xx |||||||||||||| ||und||
100
_a
Sharma K K
245
0
_a
Optics-Principles And Applications
260
_b
Academic Press
300
_a
638
650
_a
Physics
942
_c
BK
999
_c
34135
_d
34135